000 00226nam a22001097a 4500
999 _c260704
_d260703
020 _a9780545068628
100 _aElizabeth Mills
245 _aBelle
260 _aNew York
_bScholastic
_c2007
300 _a34 pgs
942 _cBK